| 000 | 00566nam a2200205 a 4500 | ||
|---|---|---|---|
| 005 | 20231025063621.0 | ||
| 008 | 140519s2006 mx r 000 0 spa d | ||
| 020 | _a8434226901 | ||
| 035 | _aUPN01000197261 | ||
| 049 | _aC | ||
| 050 | 4 |
_aNX440 _bB3.2 2006 |
|
| 100 | 1 |
_aBargalló i Chaves, Eva, _d1960- _932057 |
|
| 245 | 0 | 0 |
_aAtlas básico de historia del arte / _bEva Bargalló. |
| 250 | _a2a ed. | ||
| 260 |
_aBarcelona, Esp. : _bParramón, _c2006 |
||
| 300 |
_a96 p. : _bil. col. |
||
| 650 | 4 |
_aArte _xHistoria _92484 |
|
| 905 | _aLibro | ||
| 999 |
_c169362 _d169362 |
||